Velkan, el hipnotizador : un caso policial /

Este es el mundo de Morita, una niña de trece años recién cumplidos que, con la complicidad de su tío, una especie de Hércules Poirot, inicia una investigación para descubrir quién es y qué efectos provoca en los actores un director de teatro llamado Velkan, misterioso descendiente de una princesa g...

Descripción completa

Guardado en:
Autor Principal: Berenguer, Maryta.
Otros Autores: Villaroel, Carlos; il.
Formato: Libro
Idioma:Undetermined
Publicado: San Fernando : Jacarandá, 2021.
Edición:1a ed. 1a reimp.
Series:Tierra
Materias:
Etiquetas: Agregar Etiqueta
Sin Etiquetas, Sea el primero en etiquetar este registro!
LEADER 01067nam a22002295a 4500
001 CEM.cems021184
008 240528s2021####xx############000#0#und#d
005 20240528190519.0
245 1 0 |a Velkan, el hipnotizador :  |b un caso policial /  |c Maryta Berenguer ; ilustrado por Carlos Villaroel. 
250 |a 1a ed. 1a reimp. 
260 |a San Fernando :  |b Jacarandá,  |c 2021. 
300 |a 100 p. 
490 1 |a Tierra 
520 |a Este es el mundo de Morita, una niña de trece años recién cumplidos que, con la complicidad de su tío, una especie de Hércules Poirot, inicia una investigación para descubrir quién es y qué efectos provoca en los actores un director de teatro llamado Velkan, misterioso descendiente de una princesa gitana y un príncipe rumano hermano de Drácula. 
020 |a 9789874727824 
100 1 |a Berenguer, Maryta. 
700 1 |a Villaroel, Carlos; il. 
653 |a Novela policial 
653 |a Literatura argentina 
653 |a Novela juvenil 
653 |a Literatura juvenil 
859 |a CEMS  |b BIB. CEMS - 11 de abril  |h A863.4  |i B452  |p 29454.24  |t Ej.1